00742 a2200169 4500003000500000005001700005040000900022082001200031245004000043250002600083260003100109300001200140505026000152942002100412999001900433952012000452NUST20221202145525.0 cNust a537,RCA aRF power devices /cRCA corporation aInternational edition aUSAbRCA corporationc1973 a543 p.: aIndex to Contents (Page-6), Index to RF Power Devices (Page-7), Power to RF Frequency Curve (Page-8), Application Chart (Page-11), Replacement Guide (Page-17), Technical Data (Page-19), Application Notes (Page-413), Guide to RCA Solid Devices (Page-512).  2ddccBKk537,RCA c193606d193606 00102ddc4070aMCSbMCScGENd2016-12-12o537,RCApMCS5508r2016-12-08w2016-12-12yBKzAlmirah No.16, Shelf No.4